| 000 | 00798nam a2200181 i 4500 | ||
|---|---|---|---|
| 001 | 153896 | ||
| 003 | ES-MaACL | ||
| 005 | 20230906205427.0 | ||
| 008 | 050831s1878 sp | |||||||| ||spa d | ||
| 040 |
_aCAM _bspa _cCAM |
||
| 110 | 2 |
_aEspaña. _bMinisterio de Fomento. _93868 |
|
| 245 | 1 | 0 |
_aEscalafón general de los catedráticos de institutos de Segunda Enseñanza en 1º de Enero de 1878 / _c[Ministerio de Fomento]. |
| 260 |
_aMadrid : _b[s.n.], _c1878 ( _fImprenta del Colegio Nacional de Sordo-Mudos y de Ciegos) |
||
| 300 |
_a133 p. ; _c24 cm. |
||
| 500 | _aIncluye listado de profesores. | ||
| 610 | 2 | 4 |
_aCuerpo de Catedráticos Numerarios de Bachillerato- _vEscalafones. _9139164 |
| 852 |
_aES-MaACL _jT-707-F-16 _z-- Enc. hol., conservando la enc. original _z-- Enc. en un vol. facticio |
||
| 999 |
_c153896 _d153896 |
||